| 000 | 01186nam a2200325 4500 | ||
|---|---|---|---|
| 001 | 20623 | ||
| 003 | UkOxU | ||
| 005 | 20211209000605.0 | ||
| 008 | 140301r19701961enk 000 1 eng d | ||
| 020 | _a0460005081 (v.2) | ||
| 035 | _aBD-RjUL)20685 | ||
| 040 |
_aEnoch Pratt Free Library _cGUA _dGUA _dBD-RjUL _beng |
||
| 041 | _aeng | ||
| 082 | 0 | 0 |
_a823 _bTHV 1970 |
| 090 |
_aPR5620 _b.A1 1911a |
||
| 100 | 1 |
_aThackeray, William Makepeace, _d1811-1863. _963634 |
|
| 245 | 1 | 4 |
_aThe Virginians / _cby William Makepeace Thackeray. _nVolume 2 |
| 260 |
_aLondon ; _bJ.M. Dent : _aNew York : _bE.P. Dutton ; _c1961 [Reprinted 1970] |
||
| 300 |
_aviii, 401p. ; _c18cm. |
||
| 490 | 1 |
_aEveryman's library. Fiction ; _v[no. 507-508] |
|
| 500 | _aSequel to The history of Henry Esmond, Esq. | ||
| 651 | 0 |
_aGreat Britain _xHistory _yGeorge II, 1727-1760 _xFiction. _963635 |
|
| 651 | 0 |
_aUnited States _xHistory _yFrench and Indian War, 1754-1763 _vFiction. _951518 |
|
| 651 | 0 |
_aUnited States _xHistory _yRevolution, 1775-1783 _vFiction. _963636 |
|
| 830 | 0 |
_v[no. 507-508] _963650 |
|
| 700 | 1 |
_aRidley, M. R _963638 |
|
| 830 | 0 |
_aEveryman's library. _963651 |
|
| 942 |
_2ddc _cBK |
||
| 999 |
_c20623 _d20623 |
||